000 01020nam a2200313 i 4500
001 000026682
003 DO-SdBNP
005 20260321073641.0
007 ta
008 110324s1984 dr 000 0 spa d
040 _aDO-SdBNP
_bspa
_cBNPHU
_erda
041 _aspa
082 4 _a321.5
_bB742b 1984
_222
100 1 _a Bosch, Juan,
_d1909-2001
_b1909-2001
_976555
245 1 0 _aBreve historia de la oligarquía y tres conferencias sobre el feudalismo /
_cJuan Bosch.
250 _aCuarta edición
260 _aSanto Domingo :
264 _aSanto Domingo, República Dominicana
_bEditora Alfa y Omega,
_c1984.
300 _a223, [4] páginas ;
_c21 cm.
336 _atexto
_btxt
_2rdacontent
337 _asin mediación
_bn
_2rdamedia
338 _avolumen
_bnc
_2rdacarrier
504 _aBibliografía: páginas [225]
590 _aInventariado, 2018/LP
650 4 _aOligarquia
_xHistoria
_9257
650 4 _aFeudalismo
_xHistoria
_9256
910 _aValidado. Control de calidad MFF
942 _2ddc
_cLBS1
999 _c26174
_d26174